000 01044nam a2200289 a 4500
001 000025752
003 DO-SdBNP
005 20180221121247.0
007 000025752
008 110222s1994 dr 000 0 spa d
040 _aBPMSU
_bspa
_cBPMSU
049 _a
082 4 _a330.97293
_bP349e
100 1 _aPeña, Víctor Manuel
_d1955-
245 1 0 _aEconomía contemporánea :
_bla República Dominicana ante los retos económicos de la sociedad moderna /
_cVíctor Manuel Peña.
260 _aSanto Domingo :
_bAlfa y Omega,
_c1994.
300 _a148 p.
500 _aIncluye datos biográficos del autor en la contracubierta
500 _aIncluye referencias bibliograficas y notas al pie de las páginas
651 4 _aREPÚBLICA DOMINICANA
_xCONDICIONES ECONÓMICAS
_y1961-
651 4 _aREPÚBLICA DOMINICANA
_xPOLÍTICA ECONÓMICA
_y1961-
910 _aValidado. Control de calidad MFF
930 1 _l
_m
_8
_f
_p
_g
_h
942 _2ddc
_cBK
945 _a Inventariado / 2018 VM
956 _aVMATEO
_b10
_c20150724
_lBPMSU
_h00151
999 _c8010
_d8010